Who's the Boss Around Here, Anyway?
Guardado en:
| Autor principal: | |
|---|---|
| Formato: | Libro |
| Lenguaje: | inglés |
| Publicado: |
Harmill
Rushmere Wynne
1996
|
| Edición: | 1. ed. |
| Materias: | |
| Etiquetas: |
Sin Etiquetas, Sea el primero en etiquetar este registro!
|
MARC
| LEADER | 00000nam a2200000 4500 | ||
|---|---|---|---|
| 001 | c021749 | ||
| 005 | 20221205125748.8 | ||
| 020 | |a 0-948035-39-0 | ||
| 041 | 0 | |a eng | |
| 044 | |a GB | ||
| 245 | 1 | 0 | |a Who's the Boss Around Here, Anyway? |c Maggi Kay |
| 250 | |a 1. ed. | ||
| 264 | 1 | |a Harmill |b Rushmere Wynne |c 1996 | |
| 300 | |a 192 s. | ||
| 610 | 2 | 0 | |a stresy |
| 610 | 2 | 0 | |a psychológia |
| 610 | 2 | 0 | |a citlivosť |
| 610 | 2 | 0 | |a postoje |
| 610 | 2 | 0 | |a kontrola |
| 610 | 2 | 0 | |a poradenstvo profesionálne |
| 100 | 1 | |a Kay, Maggi | |